000
00339nam a22001457a 4500
008
210528b ||||| |||| 00| 0 eng d
020
_a
0721691692
041
_a
eng
080
_a
616-053.2
082
_a
616-053.2
100
_a
8
101
_a
PED
245
_a
Complications of Pediatric Surgery
_c
Kenneth J. Welch
942
_2
udc
_c
BK
999
_c
57787
_d
57787